000
00326nam a22001337a 4500
008
181025b xxu||||| |||| 00| 0 eng d
020
_a
9780195174106
041
_a
eng
080
_a
321
100
_a
31
101
_a
POL
245
_a
The Politics Of Equity Finance In Emerging Markets
_c
Lavelle.K.C
942
_2
udc
_c
BK
999
_c
50916
_d
50916